Quick Pick: 'Time' in Song Titles Quiz Stats

Quiz Updated Jul 17, 2016

Challenge
Share
Tweet
Embed
Score 0/14 Timer 01:30
1 Play Today
% Correct
Side
94.1%
Face
93.8%
After
93.5%
More
92.9%
Life
92.4%
Feels
92.1%
Love
91.3%
% Correct
Bottle
90.2%
Today
88.1%
Longest
84.9%
Closing
81.8%
Heart
75.1%
Season
72.8%
Mashed Potato
48.1%

Today's Daily Dose

Missing Word
1998 A-Z Movies

Word Ladder
5 Vowel Sounds

Quick Pick
Legal Terms

On This Day
June 25th II

You're not logged in!

Compare scores with friends on all Sporcle quizzes.
Join for Free
OR
Log In

You Might Also Like...

Show Comments

Extras

Top Quizzes Today


Score Distribution

Your Account Isn't Verified!

In order to create a playlist on Sporcle, you need to verify the email address you used during registration. Go to your Sporcle Settings to finish the process.

Report this User

Report this user for behavior that violates our Community Guidelines.

Details: